01498nas a2200385 a 450000100060000000300080000600500170001400600190003100700150005000800410006502200150010603500210012104000260014205000220016808000100019010000380020022200220023824501980026026000640045830000130052236200290053553301640056454600310072865000320075965000280079165000250081965000380084465500290088270000430091170000370095471000190099174000230101085600620103399900170109529789FlNmELB20241216220524.0m o d | cr cn|||||||||200608r19972003sp |||||s|||||||||||spa d z1413504833 a(OCoLC)955349389 aFlNmELBbspacFlNmELB 4aRC467bO42 1997eb a159.91 aOlabarría González, Begoña. 0aClínica y Salud10aSelección de revistas de psicologia clínica de América Latina y Españah[recurso electronico]cBegoña Olabarría González, Héctor Fernández Álvarez, Alejandro Ávila-Espada. aMadrid :bColegio Oficial de Psicólogos de Madrid,c1997. a5-327 p.0 aVol. 8, núm. 1 (1997)- aRecurso electrónico. Santa Fe, Arg.: e-libro, 2015. Disponible vía World Wide Web. El acceso puede estar limitado para las bibliotecas afiliadas a e-libro. aArtículos en castellano. 4aPublicaciones periódicas. 4aPsicología clínica. 0aClinical psychology. 0aClinical psychologyvPeriodicals. 4aRevistas electrónicas.1 aFernández Álvarez, Héctor,eaut.1 aÁvila-Espada, Alejandro,eaut.2 ae-libro, Corp.02aClínica y Salud.40uhttps://elibro.net/ereader/politecnicointernacional/82544 c29789d29789